| 000 | 00868nam a2200277Ia 4500 | ||
|---|---|---|---|
| 003 | OSt | ||
| 005 | 20221005062207.0 | ||
| 006 | a|||||r|||| 00| 0 | ||
| 007 | ta | ||
| 008 | 221004b |||||||| |||| 00| 0 eng d | ||
| 020 |
_a9781138625211 (hbk) _cUKP 115.00 |
||
| 024 | _a66978 | ||
| 037 |
_b226, 06/03/2020, Classic Book Service _cTextual |
||
| 040 |
_aCRL _cCRL _beng |
||
| 041 |
_2eng _aeng |
||
| 082 | _aY70aZ, R0 | ||
| 100 |
_aKokal Kalindi Au. _9601545 |
||
| 245 | 0 |
_aState law, dispute processing, and legal pluralism _b unspoken dialogues from rural India |
|
| 260 |
_aLondon _bRoutledge UK _c2020 |
||
| 300 |
_axv,191p. _ccm. |
||
| 490 | _aLaw and anthropology | ||
| 650 | _a LAW | ||
| 650 | _aANTHROPOLOGY | ||
| 942 |
_hY70aZ, R0 _cTEXL _2cc |
||
| 999 |
_c969343 _d969343 |
||